1051 1494 1822 1590 1749 1047 1155 1887 1287 1903 1536 1579 1244 1577 1632 1361 1335 1650 1132 1617 1126 1584 1160 1957 1174 1025 1238 1738 1046 1644 1126 1362 1860 1618 1252 1873 1900 1661 1927 1508 1477 1811 1138 1197 1863 1864 1846 1450 1238 1697 1303 1869 1026 1263 1148 1054 1305 1341 1413 1629 1378 1264 1718 1929 1783 1446 1195 1289 1846 1174 1323 1619 1092 1072 1498 1781 1193 1100 1760 1868 1655 1629 1629 1070 1471 1468 1472 1423 1047 1070 1196 1421 1897 1300 1550 1199 1481 1054 1747 BCNSPRNW ULIB Ver.6.0+V

เปลี่ยนเป็นภาษาไทย

Change to English
 แสดงรายละเอียดบรรณานุกรม
  กลับหน้าหลัก

Brief Record : Get Marc (ISO 2709) : E-mail record : QR code < ปิดหน้าต่าง
LEADER : 00000nam 2200000uu 4500
001    13399129055
003     ULIB
008    020711s2567 th a 000 0 tha d
020    ^a9786167741581
060    ^aWJ378^bธ211ก
100    ^aธนันดา ตระการวนิช,บรรณาธิการ
245    การบำบัดทดแทนไตด้วยเทคนิคใหม่ = Remainder of title New techniques for renal replacement therapy/^cธนันดา ตระการวนิช,บรรณาธิการ
250    ^aพิมพ์ครั้งที่ 3
260    ^aกรุงเทพฯ :^bภาควิชาอายุรศาสตร์ คณะแพทยศาสตร์วชิรพยาบาล มหาวิทยาลัยนวมินทราธิราช,^c2567
300    ^a257 หน้า
650    ^aไต^xโรค
650    ^aRenal Replacement Therapy
945    ^p650^l0^i011722
945    ^p650^l0^i011723
945    ^p650^l0^i011724
999    ^aประนอม เกษจรัล
รายการนี้ยังไม่มีแท็ก
คุณยังไม่ได้ล็อกอิน คุณสามารถมีกิจกรรมร่วมกับเว็บไซต์ได้ แต่ต้องล็อกอินก่อน ::
  ล็อกอิน

รายการสื่อสารสนเทศ

ลำดับที่ ประเภท เลขเรียก/บาร์โค้ด สถานที่ สถานะ
1. วิทยาศาสตร์การแพทย์ และสุขภาพ
หนังสือสำรอง
สถานะ=หนังสือสำรอง
WJ378 ธ211ก ฉ.1 
  Barcode: 011722
ห้องสมุดวิทยาเขตสวรรค์ประชารักษ์
►หนังสือทั่วไป
บนชั้น
2. วิทยาศาสตร์การแพทย์ และสุขภาพ
วิทยาศาสตร์การแพทย์ และสุขภาพ
WJ378 ธ211ก ฉ.2 
  Barcode: 011723
ห้องสมุดวิทยาเขตสวรรค์ประชารักษ์
►หนังสือทั่วไป
บนชั้น
3. วิทยาศาสตร์การแพทย์ และสุขภาพ
วิทยาศาสตร์การแพทย์ และสุขภาพ
WJ378 ธ211ก ฉ.3 
  Barcode: 011724
ห้องสมุดวิทยาเขตสวรรค์ประชารักษ์
►หนังสือทั่วไป
บนชั้น

รายการใกล้เคียง
    ผู้แต่ง [ธนันดา ตระการวนิช,บรรณาธิการ]

    หัวเรื่อง [ไต โรค]
    หัวเรื่อง [Renal Replacement Therapy]

BibComment


ยังไม่เคยถูกคอมเมนท์

คอมเมนท์ทรัพยากรรายการนี้
  คอมเมนท์: การบำบัดทดแทนไตด้..


 Copyright 2026. Bcnsprnw @Library